Logica cui praemittitur introductio in philosophiam
Сохранить в:
| Главный автор: | |
|---|---|
| Формат: | |
| Язык: | латинский |
| Опубликовано: |
Barcelona
Herder
1951
|
| Серии: | Institutiones Philosophiae Scholasticae, 1
|
| Предметы: | |
| Метки: |
Добавить метку
Нет меток, Требуется 1-ая метка записи!
|
MARC
| LEADER | 00000nam a2200000 a 4500 | ||
|---|---|---|---|
| 001 | UCZ4342 | ||
| 003 | CL-VaPUC | ||
| 008 | 951106e19510000SP |||||||||||||||||lat|d | ||
| 082 | 0 | 4 | |a 160 |b VRI |2 21 |
| 100 | 0 | |a Vries, Jos de |e author |9 348313 | |
| 245 | 1 | 0 | |a Logica cui praemittitur introductio in philosophiam |
| 300 | |a 181 p | ||
| 942 | |c BK | ||
| 945 | |d 19951106 00:00:00 |a lriquelm | ||
| 260 | |a Barcelona |b Herder |c 1951 | ||
| 650 | 0 | |a Lógica |9 256849 | |
| 650 | 0 | |a Filosofía cristiana |9 265980 | |
| 650 | 0 | |a Razón |9 314475 | |
| 650 | 0 | |a Escolasticismo |9 264998 | |
| 583 | |a last modification |c 19951106 00:00:00 |k Rodrigo Vera | ||
| 490 | 0 | |a Institutiones Philosophiae Scholasticae, 1 | |
| 999 | |c 240754 |d 240752 | ||
| 952 | |0 0 |1 0 |4 0 |6 160_000000000000000_VRI_1951 |7 0 |8 P |9 252777 |a BIBEDU |b BIBEDU |c BIBEDU_PB |d 2019-11-18 |i 1595733 |o 160 VRI 1951 |p 1595733 |r 2024-01-25 |w 2019-11-18 |y BK |k FIL | ||